Elements of workshop Technology (Record no. 137)

MARC details
000 -LEADER
Fixed length control field 00653nam a2200229 4500
003 - CONTROL NUMBER IDENTIFIER
Control field SEACOMMC
005 - DATE AND TIME OF LATEST TRANSACTION
Control field 20231011071354.0
008 - FIXED-LENGTH DATA ELEMENTS--GENERAL INFORMATION
Fixed length control field 231011b |||||||| |||| 00| 0 eng d
020 ## - INTERNATIONAL STANDARD BOOK NUMBER / ISBN
Price Rs. 180.00
040 ## - CATALOGING SOURCE
Original cataloging agency SEACOMMC
082 ## - DEWEY DECIMAL CLASSIFICATION NUMBER
Classification number 631.304
Book Number HAJ
100 1# - MAIN ENTRY--PERSONAL NAME
Personal name Hajra Choudhury, S.K.
245 1# - TITLE STATEMENT
Title Elements of workshop Technology
Statement of responsibility S.K. Hajra Choudhury, A.K. Hajra Choudhury and Nirjhar Roy
250 ## - EDITION STATEMENT
Edition statement 13th ed.
260 ## - IMPRINT
Place of publication Mumbai
Name of publisher Media Promoters
Date of publication 2005
650 ## - SUBJECT ADDED ENTRY--TOPICAL TERM
Topical term Technology
650 ## - SUBJECT ADDED ENTRY--TOPICAL TERM
Topical term Agriculture
650 ## - SUBJECT ADDED ENTRY--TOPICAL TERM
Topical term Tools, machinery, apparatus, equipment
700 1# - ADDED ENTRY--PERSONAL NAME
Personal name Hajra Choudhury, A.K.
700 1# - ADDED ENTRY--PERSONAL NAME
Personal name Roy, Nirjhar
942 ## - ADDED ENTRY ELEMENTS (KOHA)
Koha item type Books

No items available.

© Seacom Engineering College, All rights reserved.    Powered by Koha